000 00721nam a22002651 4500
001 17928
003 BD-RjUL
005 20211209000219.0
008 140219s1953 cau 000 1 eng d
035 _a(BD-RjUL)17986
035 _a(OCoLC)327057
040 _aDLC
_cODaWU
_dOCoLC
_dDLC
_dBD-RjUL
_beng
041 _aeng
082 0 0 _a804
_bBUC 1953
100 1 _aBurke, Kenneth,
_d1897-1993.
_954168
245 1 0 _aCounter-statement /
_cKenneth Burke.
250 _a2d ed.
260 _aLos Altos, Calif. :
_bHermes Publications,
_c1953.
300 _axvii, 219 p. ;
_c22 cm.
650 0 _aLiterature.
_955304
650 0 _aCriticism.
_955305
942 _2ddc
_cBK
999 _c17928
_d17928